Religious practises in hinduism/ (Record no. 171480)

MARC details
000 -LEADER
fixed length control field 00546nam a22001817a 4500
005 - DATE AND TIME OF LATEST TRANSACTION
control field 20200128165726.0
010 ## - LCCN (DPL NO)
LC control number ENG-127409
020 ## - INTERNATIONAL STANDARD BOOK NUMBER
International Standard Book Number 9789386078261
Terms of availability 850.00
035 ## - SYSTEM CONTROL NUMBER
System control number EN-110940
037 ## - SOURCE OF ACQUISITION
Source of stock number/acquisition DBAD/PUB
082 ## - DEWEY DECIMAL CLASSIFICATION NUMBER
Classification number 230.6
245 ## - TITLE STATEMENT
Title Religious practises in hinduism/
Statement of responsibility, etc by Ajay Singh
260 ## - PUBLICATION, DISTRIBUTION, ETC. (IMPRINT)
Place of publication, distribution, etc Delhi
Name of publisher, distributor, etc Prakashan kendra
Date of publication, distribution, etc 2018
270 ## - ADDRESS
Address 1/11955,first floor,Road no.65,Subhash Marg,Shahdara
City Delhi
Postal code 110032
300 ## - PHYSICAL DESCRIPTION
Extent 216p.
Dimensions 24cm(hb)
500 ## - GENERAL NOTE
General note includes bibliography.
942 ## - ADDED ENTRY ELEMENTS (KOHA)
Source of classification or shelving scheme Dewey Decimal Classification
Item type English Books
Classification part 230.6
Call number suffix AJA
Holdings
Withdrawn status Lost status Not for loan Collection code Home library Current library Date acquired Source of acquisition Cost, normal purchase price Full call number Barcode Copy number Cost, replacement price Koha item type
      Non-fiction D.B.Act.Division Mobile Library 14/01/2020 DBAD/PUB 850.00 230.6 AJA EN-110941 1 850.00 English Books

© Delhi Public Library
Hit Counter
free hit counter